Víctimas en busca de justicia (Parte II)

En este artículo se comenta la metodología utilizada en Seminario-Taller "Víctimas en busca de Justicia" realizado por el Instituto de Derechos Humanos de la UCA. Se trabajó con grupos de personas que han sido víctimas de atropellos a sus derechos, y básicamente se le asignó a cada grupo d...

Повний опис

Збережено в:
Бібліографічні деталі
Формат: Текст
Предмети:
Теги: Додати тег
Немає тегів, Будьте першим, хто поставить тег для цього запису!

MARC

LEADER 00000 a a2200000 04500
001 6516
003
040
245 |a Víctimas en busca de justicia (Parte II)  
520 |a En este artículo se comenta la metodología utilizada en Seminario-Taller "Víctimas en busca de Justicia" realizado por el Instituto de Derechos Humanos de la UCA. Se trabajó con grupos de personas que han sido víctimas de atropellos a sus derechos, y básicamente se le asignó a cada grupo de trabajo contemplar varios aspectos como: indetificar en el caso concreto la participación que han tenido la Fiscalía General de la República, la Procuraduría para la Defensa de los Derechos Humanos y valorar su actuación, pero desde el lado de las víctimas   |a este segmento sirvió como un espacio para las críticas y sugerencias de los grupos en lo relativo al involucramiento de las víctimas en sus casos. Se ofrece la síntesis de estas críticas y otras observaciones. /MSD  
650 |a VICTIMAS  
650 |a DERECHOS HUMANOS  
650 |a SEMINARIOS  
650 |a INSTITUCIONES GUBERNAMENTALES  
650 |a CONFLICTOS SOCIALES  
650 |a VIOLENCIA  
773 |g volumen 22, número 966; páginas 14-16  
999 |c 23378  |d 23378